[Event "GCT 2023 Croazia - Rapid"]
[Site "Zagabria"]
[Date "05.07.2023"]
[Round "R1"]
[White "Nepomniachtchi, Ian"]
[Black "Duda, Jan-Krzysztof"]
[Result "0-1"]
[WhiteElo "2779"]
[BlackElo "2732"]
[EventDate "05.07.2023"]

1. e4 e5 2. Nf3 Nc6 3. d4 exd4 4. Nxd4 Nf6 5. Nxc6 bxc6 6. e5 Qe7 7. Qe2
Nd5 8. h4 d6 9. c4 Nb6 10. exd6 cxd6 11. Be3 Be6 12. Qc2 Qb7 13. Nd2 d5 14.
c5 Nd7 15. Bd3 Be7 16. h5 h6 17. O-O O-O 18. Rfe1 a5 19. Nf3 Rfe8 20. Bh7+
Kh8 21. Bf5 Bxf5 22. Qxf5 Bxc5 23. Qxf7 Bxe3 24. Rxe3 Rxe3 25. fxe3 Qxb2
26. Rf1 Ne5 27. Qe6 Nxf3+ 28. Rxf3 Qxa2 29. Qxc6 Rg8 30. Rf4 Qa1+ 31. Kf2
Qb2+ 32. Kf3 Qe5 33. g4 Qa1 34. Kg2 Qd1 35. Qc5 a4 36. Kg3 Kh7 37. Qd6 Qb3
38. Qe6 a3 39. Rf7 Qb8+ 40. Kh3 a2 41. g5 hxg5 42. Qf6 Qb1 43. Ra7 Qh1+ 44.
Kg4 Qg1+ 0-1

[Event "GCT 2023 Croazia - Rapid"]
[Site "Zagabria"]
[Date "05.07.2023"]
[Round "R1"]
[White "Firouzja, Alireza"]
[Black "Anand, Viswanathan"]
[Result "1/2-1/2"]
[WhiteElo "2777"]
[BlackElo "2754"]
[EventDate "05.07.2023"]

1. Nf3 d5 2. g3 c5 3. Bg2 Nf6 4. O-O g6 5. c4 Bg7 6. Qa4+ Bd7 7. Qb3 dxc4
8. Qxc4 Qb6 9. Ne5 Be6 10. Qa4+ Nbd7 11. Nc4 Qc7 12. d3 Bd5 13. Bf4 Qc8 14.
Nc3 Bxg2 15. Kxg2 O-O 16. Qb3 a6 17. a4 b6 18. Rac1 Qc6+ 19. Kg1 Nh5 20.
Be3 Rab8 21. Rfd1 b5 22. axb5 axb5 23. Nd2 Nhf6 24. Qc2 Ng4 25. Bf4 Bd4 26.
Nce4 e5 27. e3 Bxb2 28. Qxb2 exf4 29. exf4 Rfc8 30. Rc2 Qd5 31. Ra1 Qxd3
32. h3 Ngf6 33. Ra3 Qd4 34. Qxd4 cxd4 35. Rxc8+ Rxc8 36. Nxf6+ Nxf6 37. Rd3
Rd8 38. Nb3 Ne4 39. Kg2 f5 40. f3 Nc3 41. Rxd4 Rxd4 42. Nxd4 b4 43. Kf2 Na4
44. Ke3 Nc5 45. g4 fxg4 46. fxg4 Kf7 47. Kd2 h5 48. f5 hxg4 49. fxg6+ Kxg6
50. hxg4 Kg5 51. Nc6 b3 52. Na5 Kxg4 53. Nxb3 1/2-1/2

[Event "GCT 2023 Croazia - Rapid"]
[Site "Zagabria"]
[Date "05.07.2023"]
[Round "R1"]
[White "Rapport, Richard"]
[Black "Caruana, Fabiano"]
[Result "1-0"]
[WhiteElo "2752"]
[BlackElo "2782"]
[EventDate "05.07.2023"]

1. e4 e6 2. d3 d5 3. Nd2 Nf6 4. e5 Nfd7 5. f4 c5 6. g3 Nc6 7. Bg2 f6 8.
exf6 Nxf6 9. Ngf3 Bd6 10. O-O O-O 11. Re1 Qc7 12. Qe2 Bd7 13. c3 Kh8 14.
Nb3 b6 15. d4 Ne7 16. Be3 Nf5 17. Bf2 Ne4 18. Nbd2 Nxf2 19. Qxf2 Rac8 20.
Kh1 cxd4 21. Nxd4 e5 22. fxe5 Bxe5 23. Nxf5 Rxf5 24. Qe3 Bd6 25. Nb3 Rcf8
26. Nd4 Rf2 27. Re2 R2f6 28. Rae1 b5 29. a3 a5 30. Qg5 b4 31. axb4 axb4 32.
Re3 bxc3 33. bxc3 Bc5 34. Qe5 Qb6 35. Qxd5 Bc6 36. Nxc6 Bxe3 37. Ne5 Bf2
38. Rd1 Qc7 39. Nd7 Rd8 40. Nxf6 Rxd5 41. Nxd5 Qe5 42. Ne3 h5 43. Nf1 g5
44. Rd5 Qe7 45. h4 gxh4 46. Rxh5+ Kg7 47. Rxh4 Qe2 48. Re4 Qc2 49. Kh2 Bc5
50. c4 Qf2 51. Rg4+ Kh6 52. Rf4 Qc2 53. Kh3 Kg7 54. Bd5 Bd6 55. Rf7+ Kh8
56. Ne3 Qg6 57. Rf3 Qh7+ 58. Kg2 Qd3 59. Nf5 Qe2+ 60. Rf2 Qe5 61. Kh3 Be7
62. Kg4 1-0

[Event "GCT 2023 Croazia - Rapid"]
[Site "Zagabria"]
[Date "05.07.2023"]
[Round "R1"]
[White "Lupulescu, Constantin"]
[Black "Saric, Ivan"]
[Result "1/2-1/2"]
[WhiteElo "2584"]
[BlackElo "2657"]
[EventDate "05.07.2023"]

1. d4 Nf6 2. c4 g6 3. Nc3 Bg7 4. e4 d6 5. Nf3 O-O 6. Bd3 e5 7. d5 a5 8. O-O
Nfd7 9. Bc2 Na6 10. Be3 Qe7 11. Nd2 f5 12. exf5 gxf5 13. f4 e4 14. Nb3 Nb4
15. a3 Nxc2 16. Qxc2 a4 17. Nc1 Nc5 18. Bxc5 dxc5 19. Nxa4 Bd4+ 20. Kh1 Ra6
21. Nb3 Rh6 22. g3 Bd7 23. Nc3 Qg7 24. Rad1 Kh8 25. Nb5 Bxb5 26. cxb5 b6
27. Rd2 Qxg3 28. Nxd4 cxd4 29. Rxd4 Rg8 30. Rd2 Qh3 31. Qc3+ Qxc3 32. bxc3
Ra8 33. Rg1 Rxa3 34. Rdg2 Rg6 35. Rxg6 hxg6 36. Rxg6 Rxc3 37. Rf6 Rc5 38.
Rxf5 Rxb5 39. Re5 Kg7 40. Rxe4 Rxd5 41. Re7+ Kf6 42. Rxc7 Kf5 43. Rf7+ Kg4
44. Kg2 Rd2+ 45. Kf1 Rxh2 46. Ke1 b5 47. Kd1 b4 48. Kc1 Rf2 49. Kb1 Rxf4
50. Rxf4+ Kxf4 51. Kb2 b3 52. Kxb3 1/2-1/2

[Event "GCT 2023 Croazia - Rapid"]
[Site "Zagabria"]
[Date "05.07.2023"]
[Round "R2"]
[White "Duda, Jan-Krzysztof"]
[Black "Firouzja, Alireza"]
[Result "1-0"]
[WhiteElo "2732"]
[BlackElo "2777"]
[EventDate "05.07.2023"]

1. d4 Nf6 2. c4 g6 3. Nc3 d5 4. cxd5 Nxd5 5. Bd2 c5 6. dxc5 Bg7 7. Qb3 Nf6
8. Nf3 O-O 9. Rc1 a5 10. e3 Nc6 11. Be2 Be6 12. Qxb7 Nb4 13. Nd4 Rb8 14.
Qa7 Nd7 15. Ncb5 Nxa2 16. Nc6 Nxc1 17. Nxd8 Rfxd8 18. Bxc1 Ra8 19. Qc7 Rac8
20. Qf4 Nxc5 21. O-O Nb3 22. Nc3 a4 23. Qxa4 Ra8 24. Qf4 Rab8 25. e4 Nxc1
26. Qxc1 Rb4 27. Nd5 Rxe4 28. Nxe7+ Kh8 29. Nc6 Rc8 30. Bf3 Rc4 31. Qd2 Bf6
32. b4 g5 33. b5 1-0

[Event "GCT 2023 Croazia - Rapid"]
[Site "Zagabria"]
[Date "05.07.2023"]
[Round "R2"]
[White "Carlsen, Magnus"]
[Black "Saric, Ivan"]
[Result "1/2-1/2"]
[WhiteElo "2835"]
[BlackElo "2657"]
[EventDate "05.07.2023"]

1. c4 g6 2. g3 Bg7 3. Bg2 c5 4. Nc3 Nc6 5. d3 d6 6. Qd2 e5 7. b3 Nge7 8.
Bb2 O-O 9. e3 Rb8 10. Nge2 a6 11. O-O b5 12. f4 f5 13. Nd5 Bb7 14. Rae1
Nxd5 15. cxd5 Nb4 16. e4 Nxa2 17. fxe5 dxe5 18. Nf4 exf4 19. Bxg7 Kxg7 20.
Qxa2 fxg3 21. hxg3 Qg5 22. Qb2+ Kg8 23. Qe5 Rbe8 24. Qc7 Rf7 25. Qf4 Qd8
26. g4 Ref8 27. gxf5 gxf5 28. Re3 Rg7 29. Rg3 Rff7 30. Rff3 Bc8 31. d6 Be6
32. e5 a5 33. d4 cxd4 34. Qxd4 h5 35. Kh2 h4 36. Rxg7+ Rxg7 37. Rf4 Qg5 38.
Qf2 a4 39. bxa4 bxa4 40. Bh3 a3 41. Bxf5 Qg3+ 42. Qxg3 hxg3+ 43. Kg2 Bd5+
44. Be4 Be6 45. Bf5 Bd5+ 46. Kg1 a2 47. Rf1 g2 48. Ra1 Kf7 49. e6+ Bxe6 50.
d7 Rg8 51. Bxe6+ Kxe6 52. Rxa2 Kxd7 53. Rxg2 Rxg2+ 54. Kxg2 1/2-1/2

[Event "GCT 2023 Croazia - Rapid"]
[Site "Zagabria"]
[Date "05.07.2023"]
[Round "R2"]
[White "Caruana, Fabiano"]
[Black "Lupulescu, Constantin"]
[Result "1-0"]
[WhiteElo "2782"]
[BlackElo "2584"]
[EventDate "05.07.2023"]

1. c4 e6 2. Nc3 d5 3. d4 Nf6 4. cxd5 exd5 5. Bg5 Bb4 6. e3 h6 7. Bh4 g5 8.
Bg3 h5 9. Qb3 Nc6 10. Bb5 Bxc3+ 11. Qxc3 Bd7 12. Bxc6 Bxc6 13. f3 h4 14.
Be5 Rh6 15. h3 Nd7 16. Bh2 Re6 17. Ne2 Qe7 18. Kf2 O-O-O 19. Rhe1 f5 20.
Qa5 Nb6 21. b3 Rxe3 22. Be5 Rxe5 23. dxe5 d4 24. Rad1 d3 25. Nc1 g4 26.
Rxd3 gxf3 27. gxf3 Rg8 28. Ne2 a6 29. a4 Nd7 30. Rc3 Kb8 31. e6 Qxe6 32.
Qb4 Ka8 33. Qf4 Qf6 34. Re3 Bd5 35. Qxc7 Bc6 36. Qf4 Nc5 37. Qd4 Qf8 38.
Nf4 Qb8 39. Re5 Nxb3 40. Qb6 Nd2 41. Ne6 Rc8 42. Nd4 Bd7 43. Qf6 Nc4 44. f4
Nxe5 45. fxe5 Bxa4 46. Qxh4 Qc7 47. Qf4 Bd7 48. h4 Rg8 49. Rg1 Rd8 50. Rg6
Bb5 51. Rd6 Rg8 52. e6 Qg7 53. Qg5 Qh8 54. e7 Be8 55. Rd8+ Ka7 56. Qf4 Qg7
57. Qe3 Qg1+ 58. Ke2 Rg2+ 59. Kd3 Qb1+ 60. Kc4 b6 61. Rxe8 Qa2+ 62. Qb3 b5+
63. Kd5 Qxb3+ 64. Nxb3 Re2 65. Nd4 1-0

[Event "GCT 2023 Croazia - Rapid"]
[Site "Zagabria"]
[Date "05.07.2023"]
[Round "R3"]
[White "Saric, Ivan"]
[Black "Caruana, Fabiano"]
[Result "1/2-1/2"]
[WhiteElo "2657"]
[BlackElo "2782"]
[EventDate "05.07.2023"]

1. e4 e6 2. d4 d5 3. Nc3 Nf6 4. e5 Nfd7 5. f4 c5 6. Nf3 Nc6 7. Be3 a6 8. a3
cxd4 9. Nxd4 Bc5 10. Qd2 g5 11. Nxc6 bxc6 12. Bxc5 Nxc5 13. Bd3 Qb6 14.
fxg5 a5 15. Qf2 Rb8 16. O-O Nd7 17. Qxb6 Rxb6 18. Na4 Rb7 19. Rae1 Ke7 20.
h4 c5 21. c4 d4 22. Rf4 Rc7 23. b3 Bb7 24. Bc2 Rcc8 25. Nb2 Rcg8 26. g4 h6
27. gxh6 Rxh6 28. g5 Rxg5+ 29. hxg5 Rh1+ 30. Kf2 Rh2+ 31. Kf1 Rxc2 32. Nd3
Rc3 33. Ke2 Bg2 34. b4 axb4 35. axb4 Rxc4 36. bxc5 Nxc5 37. Nxc5 Rxc5 38.
Kd3 Bh3 39. Kxd4 Ra5 40. Rf3 Bf5 41. Rc3 Rd5+ 42. Kc4 Kf8 43. Rf3 Ra5 44.
Rxf5 exf5 45. e6 Ke7 46. exf7+ Kxf7 47. Kd4 Ra3 48. Ke5 Rf3 49. Rb1 Kg6 50.
Rg1 Rf2 51. Rg3 Rf1 52. Rg2 Rf3 53. Rg1 Rf2 54. Rg3 Ra2 55. Kf4 Ra4+ 56.
Kf3 Ra3+ 57. Kf2 Rxg3 58. Kxg3 Kxg5 59. Kf3 f4 60. Kf2 f3 61. Kxf3 1/2-1/2

[Event "GCT 2023 Croazia - Rapid"]
[Site "Zagabria"]
[Date "05.07.2023"]
[Round "R3"]
[White "Rapport, Richard"]
[Black "Duda, Jan-Krzysztof"]
[Result "1-0"]
[WhiteElo "2752"]
[BlackElo "2732"]
[EventDate "05.07.2023"]

1. e4 c5 2. Nf3 d6 3. Bb5+ Nd7 4. a4 Ngf6 5. Nc3 g6 6. a5 Bg7 7. O-O a6 8.
Be2 O-O 9. d3 b5 10. axb6 Bb7 11. Qd2 a5 12. Qf4 Qxb6 13. Qh4 Rfb8 14. Ra2
Bc6 15. Bf4 Qc7 16. Rfa1 a4 17. Nd2 Nb6 18. Bh6 Bh8 19. f4 e6 20. Kh1 Nbd7
21. Nd1 Ra7 22. Bf3 Rab7 23. Bg5 Bg7 24. f5 exf5 25. exf5 Rb4 26. Qg3 Ne5
27. Be2 Qd7 28. c3 R4b6 29. d4 cxd4 30. cxd4 Rb3 31. Nc3 Qxf5 32. dxe5 Ne4
33. Ndxe4 Bxe4 34. Rf1 Qe6 35. Rxa4 Bxe5 36. Qf2 Bc6 37. Bc4 Rxb2 38. Bxe6
Rxf2 39. Rxf2 Bxa4 40. Rxf7 Kh8 41. Bd2 Rb2 42. Bh6 Rb8 43. Ne2 Bb5 44. Ng1
Bc6 45. h4 Be4 46. Rc7 d5 47. Rd7 d4 48. Bd5 Bf5 49. Re7 Bf6 50. Rf7 Be5
51. g3 d3 52. Nf3 Rb1+ 53. Kg2 Rb2+ 54. Kg1 Rb1+ 55. Kg2 Rb2+ 56. Nd2 Rb8
57. Kf3 Re8 58. Nc4 Bc3 59. g4 Bc8 60. Nd6 d2 61. Bxd2 1-0

[Event "GCT 2023 Croazia - Rapid"]
[Site "Zagabria"]
[Date "05.07.2023"]
[Round "R3"]
[White "Nepomniachtchi, Ian"]
[Black "Carlsen, Magnus"]
[Result "1/2-1/2"]
[WhiteElo "2779"]
[BlackElo "2835"]
[EventDate "05.07.2023"]

1. e4 c6 2. d4 d5 3. exd5 cxd5 4. c4 Nf6 5. Nc3 Nc6 6. Nf3 a6 7. Bg5 Be6 8.
Rc1 g6 9. h3 Bg7 10. c5 Ne4 11. Be3 O-O 12. Be2 Nxc5 13. dxc5 d4 14. Nxd4
Nxd4 15. O-O Qc7 16. Bg4 Bxg4 17. Qxg4 Qxc5 18. Qe4 Qb4 19. Bxd4 Qxd4 20.
Qxe7 Qb6 21. b3 Rae8 22. Qh4 Qa5 23. Qg3 Rc8 24. Ne4 Rxc1 25. Rxc1 Qxa2 26.
Qd3 Qb2 27. Rc4 b5 28. Rc6 a5 29. g3 a4 30. bxa4 bxa4 31. Ra6 Qb3 32. Nc5
Qb4 33. Qd5 a3 34. Nd3 Qc3 35. Qd6 Qa1+ 36. Kg2 Bb2 37. Qb4 Qd1 38. Nxb2
Qd5+ 39. Kh2 axb2 40. Qxb2 Ra8 41. Rxa8+ Qxa8 42. h4 h5 43. Kg1 Qd5 44. Kh2
Qa8 45. Kg1 Qd5 46. Kh2 1/2-1/2

[Event "GCT 2023 Croazia - Rapid"]
[Site "Zagabria"]
[Date "06.07.2023"]
[Round "R4"]
[White "Nepomniachtchi, Ian"]
[Black "Firouzja, Alireza"]
[Result "1-0"]
[WhiteElo "2779"]
[BlackElo "2777"]
[EventDate "2023.07.05"]

1. e4 e5 2. Nf3 Nc6 3. Bb5 Nf6 4. d3 Bc5 5. Bxc6 dxc6 6. O-O Nd7 7. c3 h6
8. d4 Bd6 9. dxe5 Nxe5 10. Bf4 Ng6 11. Bxd6 cxd6 12. c4 O-O 13. Nc3 f5 14.
Re1 fxe4 15. Rxe4 Nf4 16. Qd4 Nh3+ 17. Kf1 Bf5 18. Re3 Nf4 19. Rd1 Rf6 20.
Kg1 Ng6 21. Nd2 Rf7 22. Nde4 Bxe4 23. Nxe4 Qh4 24. g3 Qh5 25. Nxd6 Rf6 26.
Ne8 Rxe8 27. Rxe8+ Kh7 28. Rde1 Qf5 29. f4 Qg4 30. Qd1 Qh3 31. Qc2 h5 32.
R1e5 1-0

[Event "GCT 2023 Croazia - Rapid"]
[Site "Zagabria"]
[Date "06.07.2023"]
[Round "R4"]
[White "Duda, Jan-Krzysztof"]
[Black "Lupulescu, Constantin"]
[Result "1-0"]
[WhiteElo "2732"]
[BlackElo "2584"]
[EventDate "2023.07.05"]

1. Nf3 Nf6 2. g3 c5 3. Bg2 Nc6 4. c4 d5 5. cxd5 Nxd5 6. Nc3 g6 7. h4 h6 8.
O-O Bg7 9. Nxd5 Qxd5 10. d3 Qh5 11. Be3 O-O 12. Rc1 b6 13. Qa4 Bd7 14. b4
Ne5 15. Qb3 Be6 16. Qa3 cxb4 17. Qxb4 Bd5 18. Nxe5 Bxg2 19. Nxg6 fxg6 20.
Kxg2 Qxe2 21. Qe4 Qxa2 22. Rc6 Rad8 23. Rxg6 Qd5 24. Bxh6 Rf7 25. Ra1 Qxe4+
26. dxe4 Rd7 27. e5 e6 28. Bxg7 Rxg7 29. Rxe6 Rde7 30. Rxe7 Rxe7 31. Kf3 b5
32. Ke4 b4 33. Kd3 Rb7 34. Kc2 Kf7 35. Ra6 1-0

[Event "GCT 2023 Croazia - Rapid"]
[Site "Zagabria"]
[Date "06.07.2023"]
[Round "R5"]
[White "Saric, Ivan"]
[Black "Duda, Jan-Krzysztof"]
[Result "1/2-1/2"]
[WhiteTitle "GM"]
[BlackTitle "GM"]
[WhiteElo "2657"]
[BlackElo "2732"]
[WhiteFideId "14508150"]
[BlackFideId "1170546"]
[EventDate "2023.07.05"]

1. e4 e5 2. Nf3 Nc6 3. Bb5 Nf6 4. O-O Nxe4 5. d4 Nd6 6. Bxc6 dxc6 7. dxe5 Nf5 8.
Qxd8+ Kxd8 9. h3 Ke8 10. Nc3 a5 11. b3 Be6 12. g4 Ne7 13. Ng5 Bd7 14. Rd1 Nd5
15. Nxd5 cxd5 16. Rxd5 Be7 17. Rd3 Bb5 18. c4 Bc6 19. e6 Bxg5 20. exf7+ Kxf7 21.
Bxg5 h5 22. f3 Rae8 23. Rad1 Kg6 24. h4 Re2 25. gxh5+ Kxh5 26. R1d2 Rhe8 27. Kf1
Re1+ 28. Kf2 Rh1 29. Bf4 Re7 30. Re3 Rf7 31. Bg3 Rc1 32. a4 Rb1 33. f4 Kg4 34.
Rdd3 Rb2+ 35. Re2 Rb1 36. Re5 Rb2+ 37. Ke1 Rd7 38. Rg5+ Kh3 39. Rxd7 Bxd7 40. f5
Rxb3 41. Bxc7 Kxh4 42. Rxg7 Bxf5 43. Bxa5 b6 44. Bd2 Bd3 45. a5 Bxc4 46. axb6
Rxb6 47. Kf2 Rf6+ 48. Ke3 Rf7 49. Rxf7 Bxf7 1/2-1/2

[Event "GCT 2023 Croazia - Rapid"]
[Site "Zagabria"]
[Date "06.07.2023"]
[Round "R5"]
[White "Lupulescu, Constantin"]
[Black "Gukesh, Dommaraju"]
[Result "0-1"]
[WhiteTitle "GM"]
[BlackTitle "GM"]
[WhiteElo "2584"]
[BlackElo "2744"]
[WhiteFideId "1207822"]
[BlackFideId "46616543"]
[EventDate "2023.07.05"]

1. d4 Nf6 2. c4 e6 3. Nc3 Bb4 4. e3 O-O 5. Bd3 Re8 6. Ne2 d5 7. O-O Nbd7 8. Qc2
dxc4 9. Bxc4 c5 10. a3 Bxc3 11. bxc3 Qc7 12. Ng3 b6 13. e4 cxd4 14. cxd4 Ba6 15.
Bd3 Qxc2 16. Bxc2 Rac8 17. Bd1 Bxf1 18. Kxf1 Red8 19. Be3 Nb8 20. Be2 Rc3 21.
Ke1 Nc6 22. Kd2 Rb3 23. Kc2 Na5 24. Ba6 Rd7 25. Bf4 Rxd4 26. Bd2 Rb2+ 27. Kxb2
Rxd2+ 28. Kc3 Rxf2 29. Rd1 g6 30. Rd8+ Kg7 0-1

[Event "GCT 2023 Croazia - Rapid"]
[Site "Zagabria"]
[Date "06.07.2023"]
[Round "R5"]
[White "Caruana, Fabiano"]
[Black "Anand, Viswanathan"]
[Result "1/2-1/2"]
[WhiteTitle "GM"]
[BlackTitle "GM"]
[WhiteElo "2782"]
[BlackElo "2754"]
[WhiteFideId "2020009"]
[BlackFideId "5000017"]
[EventDate "2023.07.05"]

1. e4 c6 2. d4 d5 3. f3 e6 4. Nc3 Bb4 5. Bd2 dxe4 6. Nxe4 Be7 7. Be3 Nf6 8. Qd2
e5 9. dxe5 Nxe4 10. Qxd8+ Bxd8 11. fxe4 Be6 12. Nf3 Nd7 13. O-O-O Bc7 14. Bd4 h6
15. h3 a6 16. b3 O-O-O 17. a4 Rhe8 18. Be2 Nf8 19. Bc5 Ng6 20. Bd6 Rd7 21. g3
Red8 22. Bxc7 Rxd1+ 23. Rxd1 Rxd1+ 24. Kxd1 Kxc7 25. Bf1 b5 26. axb5 axb5 27. b4
Kb6 28. Kd2 c5 29. c3 Ne7 30. h4 Nc6 31. bxc5+ Kxc5 32. Ke3 b4 33. cxb4+ Nxb4
34. Nd4 Nc6 35. Nxe6+ fxe6 36. Kf4 Kd4 37. Bh3 Nxe5 38. Bxe6 Ng6+ 39. Kf5 Ne7+
40. Kf4 Ng6+ 41. Kf5 Ne7+ 42. Kf4 Ng6+ 1/2-1/2

[Event "GCT 2023 Croazia - Rapid"]
[Site "Zagabria"]
[Date "06.07.2023"]
[Round "R5"]
[White "Firouzja, Alireza"]
[Black "Carlsen, Magnus"]
[Result "1-0"]
[WhiteTitle "GM"]
[BlackTitle "GM"]
[WhiteElo "2777"]
[BlackElo "2835"]
[WhiteFideId "12573981"]
[BlackFideId "1503014"]
[EventDate "2023.07.05"]

1. e4 e5 2. Nf3 Nc6 3. Bc4 Nf6 4. d3 Bc5 5. c3 d6 6. Bg5 h6 7. Bh4 a5 8. O-O Bb6
9. Kh1 g5 10. Bg3 Nh5 11. Nbd2 Bg4 12. h3 Bd7 13. Bb5 Nf4 14. Nc4 h5 15. Nxb6
cxb6 16. Nd2 Kf8 17. d4 Ne7 18. Bxd7 Qxd7 19. dxe5 dxe5 20. Nf3 Qc7 21. Nxg5 Rd8
22. Qc2 Neg6 23. Rad1 Kg7 24. Nf3 Ne6 25. Nh4 Nxh4 26. Bxh4 f6 27. f3 b5 28. Bf2
Qc4 29. b3 Qc6 30. Be3 Rxd1 31. Rxd1 Rd8 32. Rxd8 Nxd8 33. Qd3 Nf7 34. c4 bxc4
35. bxc4 Nd6 36. c5 Nf7 37. Kh2 a4 38. Qd5 Qb5 39. Bf2 Nh8 40. f4 Qb2 41. Bg3
exf4 42. Bxf4 Nf7 43. Be3 Ne5 44. Bf4 a3 45. Bxe5 fxe5 46. Qe6 h4 47. Qg4+ Kf7
48. Qxh4 Qxa2 49. Qh7+ Kf6 50. Qxb7 Qc4 51. Qb6+ Kg5 52. c6 Qxe4 53. Qd8+ Kg6
54. Qg8+ Kf6 55. Qf8+ Kg6 56. c7 1-0

[Event "GCT 2023 Croazia - Rapid"]
[Site "Zagabria"]
[Date "06.07.2023"]
[Round "R6"]
[White "Firouzja, Alireza"]
[Black "Rapport, Richard"]
[Result "1/2-1/2"]
[WhiteTitle "GM"]
[BlackTitle "GM"]
[WhiteElo "2777"]
[BlackElo "2752"]
[WhiteFideId "12573981"]
[BlackFideId "738590"]
[EventDate "2023.07.05"]

1. e4 e5 2. Nf3 Nc6 3. Bc4 Nf6 4. d3 Be7 5. Nc3 d6 6. a3 O-O 7. h3 Be6 8. Nd5 a5
9. O-O a4 10. Ba2 h6 11. Re1 Qd7 12. Be3 Bd8 13. c4 Nh7 14. Rc1 Ng5 15. c5 Nxf3+
16. Qxf3 Nd4 17. Qg3 c6 18. Bxh6 f6 19. Nb6 Bxb6 20. Bxe6+ Nxe6 21. cxb6 Ra6 22.
f4 Rxb6 23. f5 Nd4 24. Be3 Rxb2 25. Bxd4 exd4 26. Rf1 Re2 27. h4 d5 28. Qg4 Re3
29. exd5 Qxd5 30. h5 Qd6 31. Rf4 Qxa3 32. Rcf1 Qe7 33. h6 Re1 34. Rxe1 Qxe1+ 35.
Kh2 Qe7 36. hxg7 Rf7 37. Re4 Rxg7 38. Rxe7 Rxg4 39. Rxb7 Rh4+ 40. Kg1 Rf4 41.
Rc7 Rxf5 42. Rxc6 Ra5 43. Rxf6 a3 44. Rf1 Kg7 45. g4 Kg6 46. Kf2 Kg5 47. Kg3 a2
48. Ra1 Ra3 49. Kf3 Rxd3+ 50. Ke4 Rd2 51. Kf3 Kf6 52. Ke4 Ke6 53. g5 Kd6 54. g6
Ke7 55. Rf1 Rf2 56. Ra1 Rd2 57. Rf1 d3 58. g7 Rg2 59. Kxd3 Rxg7 60. Ra1 Rg3+ 61.
Kc2 Rh3 62. Rxa2 Rh2+ 63. Kb3 Rxa2 64. Kxa2 1/2-1/2

[Event "GCT 2023 Croazia - Rapid"]
[Site "Zagabria"]
[Date "06.07.2023"]
[Round "R6"]
[White "Nepomniachtchi, Ian"]
[Black "Lupulescu, Constantin"]
[Result "1-0"]
[WhiteTitle "GM"]
[BlackTitle "GM"]
[WhiteElo "2779"]
[BlackElo "2584"]
[WhiteFideId "4168119"]
[BlackFideId "1207822"]
[EventDate "2023.07.05"]

1. e4 c5 2. c3 Nf6 3. e5 Nd5 4. Bc4 e6 5. Nf3 d6 6. d4 cxd4 7. cxd4 Be7 8. O-O
O-O 9. Qe2 dxe5 10. dxe5 Bd7 11. Qe4 Bc6 12. Qg4 Kh8 13. Nbd2 Nb6 14. Bb3 N8d7
15. Bc2 Qc7 16. Qh3 f5 17. exf6 Nxf6 18. Bb1 Nbd5 19. Nc4 Be8 20. Nce5 Nh5 21.
g4 Bd6 22. Re1 Bxe5 23. Nxe5 Nhf6 24. g5 Nh5 25. g6 Nhf6 26. Bd2 h6 27. Bd3 Ng8
28. Qxe6 Rd8 29. Rac1 Qb8 30. Nf7+ Bxf7 31. gxf7 Ngf6 32. Bg6 Nf4 33. Bxf4 Qxf4
34. Qe5 Qg4+ 35. Qg3 Qb4 36. Rcd1 Rc8 37. Re2 Rc5 38. a3 Qc4 39. Rc2 Qa4 40.
Rxc5 Qxd1+ 41. Kg2 Qd4 42. Re5 Qd7 43. Re1 a5 44. h3 a4 45. Qe5 Qc6+ 46. Kg1 Nh7
47. Qf5 Ng5 48. Re8 Qc1+ 49. Kg2 Qc6+ 50. f3 1-0

[Event "GCT 2023 Croazia - Rapid"]
[Site "Zagabria"]
[Date "06.07.2023"]
[Round "R6"]
[White "Duda, Jan-Krzysztof"]
[Black "Caruana, Fabiano"]
[Result "0-1"]
[WhiteTitle "GM"]
[BlackTitle "GM"]
[WhiteElo "2732"]
[BlackElo "2782"]
[WhiteFideId "1170546"]
[BlackFideId "2020009"]
[EventDate "2023.07.05"]

1. d4 Nf6 2. c4 e6 3. Nf3 d5 4. g3 Be7 5. Bg2 O-O 6. O-O dxc4 7. Qc2 a6 8. a4
Bd7 9. Qxc4 Bc6 10. Bg5 Nbd7 11. Nc3 h6 12. Bxf6 Nxf6 13. b4 Bd5 14. Nxd5 exd5
15. Qb3 c6 16. e3 Bd6 17. Rfb1 Qe7 18. Ra2 g6 19. Nd2 h5 20. h4 Rad8 21. Rc2 Kg7
22. Qc3 Rd7 23. Bf3 Qe6 24. Kg2 Qf5 25. Be2 Ng4 26. Nf3 Re8 27. Bd3 Qf6 28. Re2
Rde7 29. Rbe1 Re6 30. Bc2 R6e7 31. Ng5 Bc7 32. Bb1 Bb6 33. Qd2 Qd6 34. Nh3 Bc7
35. Nf4 Qf6 36. Nh3 Qd6 37. Nf4 a5 38. b5 cxb5 39. axb5 Qd7 40. f3 Nh6 41. Bd3
Nf5 42. Bxf5 Qxf5 43. Nd3 b6 44. Nf2 Bd6 45. e4 dxe4 46. fxe4 Qxb5 47. Rf1 Bb4
48. Qe3 Qc4 49. e5 Rd8 50. Rd1 Red7 51. Qf3 Be7 52. e6 fxe6 53. Nd3 Bd6 54. Re4 Qc2+ 55. Kh3 Rf7 56. Qh1 Rdf8
57. Rxe6 Bxg3 0-1

[Event "GCT 2023 Croazia - Rapid"]
[Site "Zagabria"]
[Date "07.07.2023"]
[Round "R7"]
[White "Saric, Ivan"]
[Black "Nepomniachtchi, Ian"]
[Result "0-1"]
[WhiteElo "2657"]
[BlackElo "2779"]
[EventDate "2023.07.05"]

1. e4 c5 2. Nf3 d6 3. d4 cxd4 4. Nxd4 Nf6 5. Nc3 a6 6. Be3 e5 7. Nb3 Be7 8.
f3 Be6 9. Qd2 O-O 10. O-O-O Nbd7 11. g4 b5 12. g5 b4 13. gxf6 bxc3 14. Qxc3
Nxf6 15. Na5 Qe8 16. Nc6 Rc8 17. Nxe7+ Qxe7 18. Qa5 Rc6 19. h4 Rfc8 20. Rh2
h6 21. b3 d5 22. Kb1 dxe4 23. Qxe5 exf3 24. Bd4 Qd6 25. Rhd2 Qxe5 26. Bxe5
Bf5 27. Bc4 Ne4 28. Rd8+ Rxd8 29. Rxd8+ Kh7 30. Bf1 f6 31. Bb8 g5 32. Kb2
gxh4 33. Bd3 f2 34. Re8 Nd6 35. Re7+ Kg6 0-1

[Event "GCT 2023 Croazia - Rapid"]
[Site "Zagabria"]
[Date "07.07.2023"]
[Round "R7"]
[White "Rapport, Richard"]
[Black "Carlsen, Magnus"]
[Result "1/2-1/2"]
[WhiteElo "2752"]
[BlackElo "2835"]
[EventDate "2023.07.05"]

1. e4 c5 2. Nf3 Nc6 3. Bb5 e6 4. O-O Nge7 5. Re1 a6 6. Bf1 Ng6 7. c3 Be7 8.
d4 cxd4 9. cxd4 d5 10. Nc3 O-O 11. e5 Bd7 12. Be3 h6 13. g3 f6 14. exf6
Rxf6 15. Rc1 Bd6 16. Bg2 Nge7 17. Na4 Nf5 18. Nc5 Bxc5 19. Rxc5 Qb6 20. Qd2
Raf8 21. Rc3 Be8 22. Rb3 Qa7 23. h3 Bg6 24. Bf4 Nfxd4 25. Nxd4 Nxd4 26. Qe3
Ra8 27. Rc3 Nc6 28. Qxa7 Rxa7 29. Rb3 a5 30. Rb6 a4 31. Be3 d4 32. Rxc6
dxe3 33. Rc8+ Rf8 34. Rxf8+ Kxf8 35. Rxe3 Ke7 36. Re5 a3 37. bxa3 Rxa3 38.
Bxb7 Rxa2 39. Re3 Kf6 40. Be4 Bxe4 41. Rxe4 Ra1+ 42. Kg2 Ra2 43. Kg1 Ra1+
44. Kg2 Ra2 45. Kg1 1/2-1/2

[Event "GCT 2023 Croazia - Rapid"]
[Site "Zagabria"]
[Date "07.07.2023"]
[Round "R7"]
[White "Lupulescu, Constantin"]
[Black "Firouzja, Alireza"]
[Result "1/2-1/2"]
[WhiteElo "2584"]
[BlackElo "2777"]
[EventDate "2023.07.05"]

1. d4 Nf6 2. c4 e6 3. Nc3 Bb4 4. e3 O-O 5. Bd3 d5 6. Nf3 b6 7. O-O Bb7 8.
a3 Bd6 9. b4 dxc4 10. Bxc4 Nbd7 11. Bb2 a6 12. h3 Nd5 13. Re1 b5 14. Bd3 f5
15. Nxd5 Bxd5 16. e4 fxe4 17. Bxe4 Nb6 18. Qd3 h6 19. Bxd5 exd5 20. Re2 Qf6
21. Rae1 Qf5 22. Qb3 Nc4 23. Bc1 a5 24. bxa5 Rxa5 25. Ne5 Bxe5 26. dxe5 Qe6
27. f4 h5 28. Qf3 h4 29. g4 hxg3 30. Qxg3 c5 31. Rg2 Ra7 32. Kh2 d4 33.
Reg1 Rd7 34. Qd3 Qf5 35. Qb3 Rb7 36. Rg5 Qe4 37. Qg3 Rff7 38. Qg4 Rbe7 39.
Qc8+ Rf8 40. Qg4 Rff7 41. Qc8+ Rf8 42. Qg4 Rff7 1/2-1/2